| 000 | 00857nam a2200253Ia 4500 | ||
|---|---|---|---|
| 008 | 160418s9999 xx 000 0 und d | ||
| 020 | _a971-08-0588-6 | ||
| 050 | _aFIL PE 1130.5 | ||
| 050 | _b.P5C66 2006 c.1 | ||
| 245 | _aCommunication skills in English : | ||
| 245 | _bpart 1 / | ||
| 245 | _cZenaida A. Olonan.. [et al] | ||
| 260 | _aMandaluyong: | ||
| 260 | _bNational Books Store, | ||
| 260 | _c2006 | ||
| 300 | _a167 pages : | ||
| 300 | _billustrations ; | ||
| 300 | _c22 cm. | ||
| 500 | _aIncludes bibliographical references. | ||
| 650 | _aEnglish language -- Business English -- Problems, exercises, etc. | ||
| 650 | _aEnglish language -- Study and teaching (Higher). | ||
| 650 | _xEnglish language -- Technical English -- Problems, exercises, etc. | ||
| 650 | _xEnglish language -- Textbooks for foreign speakers -- Filipino. | ||
| 999 |
_c293494 _d293494 |
||